00543nam a2200181 a 450000100060000000300090000600800410001504000280005608200150008410000380009924500820013726000470021930000080026650500130027465000230028765000380031065000130034820875CO-ViMGA141112s2004 ck r 000 u spa d aCO-ViMGAbspacCO-ViMGA04a398.9 C6561 aColombia. Ministerio de Cultura, 10aRefranes de mi colombia : bActividad concertada con el ministerio de cultura aBogotá : bMinisterio de cultura, c2005 a60p aRefranes14aFOLCLOR - COLOMBIA14aPROVERBIOS Y REFRANES COLOMBIANOS14aREFRANES